100 Best rock songs of all time - Statistics

General Stats
  • This quiz has been taken 439 times
  • The average score is 28 of 100
Answer Stats
Rank Artist Answer % Correct
2 Queen Bohemian Rhapsody
92%
1 Led Zeppelin Stairway to Heaven
90%
12 AC/DC Back in Black
75%
3 Lynyrd Skynyrd Free Bird
73%
4 Deep Purple Smoke on the Water
72%
11 Guns n' Roses Sweet Child o' Mine
68%
52 Eagles Hotel California
65%
19 AC/DC Highway to Hell
64%
28 Metallica Enter Sandman
63%
97 Pink Floyd Another Brick in the Wall
62%
34 Nirvana Smells Like Teen Spirit
60%
47 AC/DC THunderstruck
60%
15 Black Sabbath Paranoid
57%
51 Bon Jovi Livin' On a Prayer
54%
91 Pink Floyd Money
52%
39 Guns n' Roses Welcome to the Jungle
51%
5 Pink Floyd Comfortably Numb
50%
60 Metallica Master of Puppets
47%
83 Black Sabbath Iron Man
43%
6 Led Zeppelin Kashmir
43%
78 Europe The Final Countdown
43%
42 Led Zeppelin Black Dog
42%
58 Foo Fighters Everlong
42%
9 Led Zeppelin Whole Lotta Love
42%
54 Pink Floyd Wish You Were Here
42%
67 Journey Don't Stop Believin'
41%
20 Jimi Hendrix All Along The Watchtower
40%
25 Boston More Than A Feeling
38%
41 Derek and the Dominos Layla
37%
22 Queen We are the Champions
36%
16 Mötorhead Ace of Spades
35%
49 Rush Tom Sawyer
35%
21 Bruce Springsteen Born to Run
34%
73 Dire Straits Money For Nothing
34%
40 Jimi Hendrix Purple Haze
34%
100 Creedence Clearwater Revival Fortunate Son
32%
57 Def Leppard Pour Some Sugar On Me
32%
75 Pink Floyd Time
32%
44 Black Sabbath War Pigs
32%
13 Led Zeppelin Rock and Roll
31%
43 The Who Baba O'Riley
30%
80 Metallica One
30%
48 Blue Öyster Cult (Don't Fear) the Reaper
29%
81 AC/DC HEll's Bells
29%
37 Bob Dylan Like a Rolling Stone
29%
87 Metallica Nothing Else Matters
29%
50 AC/DC You Shook Me All Night Long
29%
82 Chuck Berry Johnny B. Goode
28%
27 Thin Lizzy The Boys Are Back in Town
28%
77 Iron Maiden The Trooper
28%
62 Steppenwolf Born to be Wild
27%
85 The Kinks You Really Got Me
25%
66 Iron Maiden Run to the Hills
24%
65 Alice Cooper School's Out
24%
63 The Who My Generation
23%
94 Pearl Jam Alive
21%
17 Deep Purple Highway Star
19%
72 Iron Maiden The Number of the Beast
19%
93 Jimi Hendrix Experience Hey Joe
18%
35 The Rolling Stones (I Can't Get No) Satisfaction
18%
71 AC/DC Shoot to Thrill
18%
24 The jimi Hendrix Experience Voodoo Child
18%
8 Free All Right Now
16%
10 The Who Won't Get Fooled Again
16%
92 Iron Maiden Fear of the Dark
15%
53 Led Zeppelin Dazed and Confused
14%
89 KISS Detroit Rock City
14%
32 The Rolling Stones Gimme Shelter
14%
45 Pink Floyd Shine On You Crazy Diamond
14%
26 Meat Loaf Bat Out of Hell
13%
96 The Rolling Stones Brown Sugar
13%
55 Led Zeppelin When The Levee Breaks
13%
14 AC/DC Whole Lotta Rosie
12%
86 Thin Lizzy Whiskey in the Jar
10%
31 Slade Cum On Feel the Noize
9%
64 AC/DC For Those About to Rock
8%
7 Rainbow Stargazer
8%
18 Rush The Spirit of Radio
8%
79 Iron Maiden Hallowed Be Thy Name
7%
38 Black Sabbath Heaven and Hell
7%
61 Neil Young Rockin' in the Free World
7%
70 Whitesnake Still of the Night
7%
29 Rush 2112
6%
56 Cream Crossroads
6%
30 Deep Purple Burn
5%
23 AC/DC Let There Be Rock
5%
74 Led Zeppelin Since I've been Loving You
5%
76 Bruce Springsteen Thunder Road
5%
59 Faces Stay With Me
4%
68 Led Zeppelin Achilles Last Stand
3%
99 Deep Purple Black Night
3%
33 Hawkwind Silver Machine
3%
46 Rush Xanadu
3%
88 Led Zeppelin In My Time of Dying
2%
36 Genesis Supper's Ready
2%
69 UFO Only You Can Rock Me
1%
90 Deep Purple Speed King
1%
95 Thin Lizzy Still In Love With You
1%
84 Free Wishing Well
1%
98 Uriah Heep July Morning
0%
No matching quizzes found
Score Distribution
Percent of People with Each Score
Percentile by Number Answered
Your Score History
You have not taken this quiz